000 01306nam a2200397 c 4500
001 11657
003 ES-MaCES
005 20160706123555.0
008 010209s1999 sp t 000 | spa d
017 _aB 47445-1999
_bDL
020 _a8474264510
035 _aCES20010000853m
040 _aES-MaCES
_bspa
_cES-MaCES
041 1 _aspa
_heng
245 0 0 _aMujeres y economía
_b: nuevas perspectivas para viejos y nuevos problemas
_cCristina Carrasco (ed.) ; [trad. del inglés, Mireia Bofill Abelló]
260 _aBarcelona
_bIcaria
_c[1999]
300 _a435 p.
_c22 cm
490 1 _aIcaria antrazyt (1995)
_v147
541 _cGratuito
650 4 _amujeres
_928657
650 4 _atrabajadora
_928413
650 4 _amercado de trabajo
_928292
650 4 _aempleo
_928299
650 4 _afamilia
_927318
650 4 _apolítica económica
_927025
650 4 _aplanificación en función del género
_930645
650 4 _aparticipación de la mujer en el desarrollo
_930663
650 4 _ateoría económica
_927076
653 1 0 _aMujer
700 1 _99060
_aCarrasco, Cristina
_eed. lit.
700 1 _97968
_aBofill Abelló, Mireia
_etr.
830 0 _aIcaria antrazyt (1995)
_v147
_932670
902 _aLIB Libro
942 _2CES
_cBK
_h3.3.
999 _c11657
_d11657